Stati per tasso di crescita della popolazione - Statistics

Statistiche generali
  • Questo quiz è stato fatto 9 volte
  • Il punteggio medio è 9 su 15
Statistiche sulle risposte
Tasso di crescita (%) Continente Nazione % Corretto
3,56 Africa Burundi
88%
3,66 Africa Niger
88%
2,75 Africa Guinea
75%
3,13 Africa Repubblica Democratica del Congo
75%
3,31 Africa Benin
63%
2,73 Africa Camerun
63%
3,05 Africa Ciad
63%
3,36 Africa Guinea Equatoriale
63%
2,93 Africa Mali
63%
3,22 Africa Uganda
63%
2,86 Africa Zambia
63%
3,34 Africa Angola
50%
4,78 Africa Sud Sudan
50%
2,75 Africa Tanzania
50%
6,39 Asia Siria
25%
Nessun quiz corrispondente trovato
Distribuzione punteggi
Percentuale di utenti per punteggio
Percentile per numero di risposta
I tuoi punteggi nel tempo
Non hai fatto questo quiz